Italiens Fußballer des Jahres - Statistiken

Allgemein
  • Dieses Quiz wurde 387 mal gespielt
  • Das Durchschnittsergebnis liegt bei 17 aus 33
Antwortstatistiken
Jahr Spieler Verein/e Nation % Korrekt
2019 Cristiano Ronaldo Juventus Turin Portugal
96%
2020 Cristiano Ronaldo Juventus Turin Portugal
96%
1998 Ronaldo Inter Mailand Brasilien
95%
2008 Zlatan Ibrahimovic Inter Mailand Schweden
88%
2009 Zlatan Ibrahimovic Inter Mailand/FC Barcelona Schweden
88%
2011 Zlatan Ibrahimovic AC Mailand Schweden
88%
2017 Gianluigi Buffon Juventus Turin Italien
80%
2013 Edinson Cavani SSC Neapel/Paris Saint-Germain Uruguay
78%
2000 Francesco Totti AS Rom Italien
75%
2004 Francesco Totti AS Rom Italien
75%
2003 Pavel Nedved Juventus Turin Tschechien
72%
2007 Kaká AC Mailand Brasilien
70%
2006 Fabio Cannavaro Juventus Turin/Real Madrid Italien
69%
2012 Andrea Pirlo Juventus Turin Italien
65%
2014 Andrea Pirlo Juventus Turin Italien
65%
2016 Leonardo Bonucci Juventus Turin Italien
60%
2015 Carlos Tévez Juventus Turin/CA Boca Juniors Argentinien
58%
2010 Diego Milito Inter Mailand Argentinien
50%
2001 Robero Baggio Brescia Calcio Brescia Calcio
50%
2002 David Trezeguet Juventus Turin Frankreich
39%
2018 Mauro Icardi Inter Mailand Argentinien
35%
1989 Andreas Brehme Inter Mailand Deutschland
33%
1990 Franco Baresi AC Mailand Italien
33%
1997 Lilian Thuram AC Parma Frankreich
32%
1992 Frank Rijkaard AC Mailand Niederlande
29%
1999 Christian Vieri Lazio Rom/Inter Mailand Italien
28%
1996 Enrico Chiesa Sampdoria Genua/AC Parma Italien
14%
1988 Roberto Mancini Sampdoria Genua Italien
13%
1991 Roberto Mancini Sampdoria Genua Italien
13%
1993 Giuseppe Signori Lazio Rom Italien
5%
1995 Paulo Sousa Juventus Turin Portugal
5%
2005 Gianluca Pagliuca FC Bologna Italien
3%
1994 Daniele Massaro AC Mailand Italien
2%
Keine übereinstimmenden Quizze gefunden
Verteilung der Resultate
Anzahl Personen mit jedem Resultat
Perzentil nach korrekt beantworteten Fragen
Ihre Resultats-Entwicklung
Sie haben dieses Quiz noch nicht gespielt